000 01255nam a2200217Ia 4500
008 081213s9999 xx 000 0 und d
020 _a0687192153
050 _aBS491.2
_b.I68 1954
245 _aThe Interpreter's Bible :
_bthe holy scriptures in king James and revised standard versions with general articles and introduction, exegesis, exposition for each book of the Bible : in twelve volumes .The Acts of the Apostles and the Epistle to the Romans
_cedite by George Arthur Buttrick ... [et al]
260 _c1954
_aNasvile
_bAbingdon
300 _aix, 668 p. ;
_bill.
_c26 cm.
440 _aThe Interpreter's Bible
_vvol.9
650 _aBible -- Commentaries
700 _aBowie, Walter Russel
_ced.
700 _aScherer, Paul
_ced.
700 _aKnox, John
_ced.
942 _cBK
_2lcc
999 _c30740
_d30740